| 000 | 01597cam a2200373 a 4500 | ||
|---|---|---|---|
| 999 |
_c128207 _d128207 |
||
| 001 | 532896 | ||
| 003 | ARRUPE | ||
| 005 | 20180920124515.0 | ||
| 008 | 870608m19879999njua b s001 0 eng | ||
| 010 | _a 87016408 | ||
| 020 | _a081351276X (v. 1) | ||
| 020 | _a0813512778 (v. 1 : pbk.) | ||
| 020 | _a0813515831 (v. 2) | ||
| 020 | _a081351584X (v. 2 : pbk.) | ||
| 020 | _a0813536551 (v. 3) | ||
| 040 |
_aDLC _cDLC _dDLC |
||
| 043 |
_ae-gr--- _af-ua--- _aa-le--- |
||
| 050 | 0 | 0 |
_aDF78 _b.B398 1987 |
| 082 | 0 | 0 |
_a949.5 _219 |
| 100 | 1 |
_aBernal, Martin. _942385 |
|
| 245 | 1 | 0 |
_aBlack Athena : _bthe Afroasiatic roots of classical civilization / _cMartin Bernal. |
| 260 |
_aNew Brunswick, N.J. : _bRutgers University Press, _c1987-<c2006> |
||
| 300 |
_av. <1-3> : _bill. ; _c24 cm. |
||
| 504 | _aIncludes bibliographical references and indexes. | ||
| 505 | 0 | _av. 1. The fabrication of ancient Greece, 1785-1985 -- v. 2. The archaeological and documentary evidence -- v. 3. The linguistic evidence | |
| 651 | 0 |
_aGreece _xCivilization _xEgyptian influences. _932360 |
|
| 651 | 0 |
_aGreece _xCivilization _xPhoenician influences. _942386 |
|
| 651 | 0 |
_aGreece _xCivilization _yTo 146 B.C. _942387 |
|
| 740 | 0 | _aAfroasiatic roots of classical civilization. | |
| 906 |
_a7 _bcbc _corignew _d1 _eocip _f19 _gy-gencatlg |
||
| 942 |
_2lcc _cMONOGRAPH |
||